Očakávania študentov v predmete finančný manažment

Analýza odpovedí vzorky študentov 4. ročníka počas výučby predmetu finančný manažment. Dotazníková analýza očakávaní študentov v podobe očakávaného výsledného počtu bodov zo zápočtu v nadväznosti na trojicu štatistických znakov - pohlavie, percepcia vlastných schopností a dôvera v hodnotiaci systém...

Ausführliche Beschreibung

Gespeichert in:
Bibliographische Detailangaben
1. Verfasser: Šinský, Michal
Format: Buchkapitel
Sprache:Slowakisch
Schlagworte:
Tags: Tag hinzufügen
Keine Tags, Fügen Sie das erste Tag hinzu!

MARC

LEADER 00000naa$a2200000$$$4500
001 0111213
005 20240502072229.8
041 0 |a slo 
044 |a SK 
245 1 0 |a Očakávania študentov v predmete finančný manažment  |c Michal Šinský 
520 |a Analýza odpovedí vzorky študentov 4. ročníka počas výučby predmetu finančný manažment. Dotazníková analýza očakávaní študentov v podobe očakávaného výsledného počtu bodov zo zápočtu v nadväznosti na trojicu štatistických znakov - pohlavie, percepcia vlastných schopností a dôvera v hodnotiaci systém Ekonomickej univerzity v Bratislave. 
610 2 0 |a vzdelávanie vysokoškolské 
610 2 0 |a univerzity 
610 2 0 |a študenti 
610 2 0 |a predmety učebné 
610 2 0 |a manažment finančný 
610 2 0 |a analýzy 
610 2 0 |a dotazníky 
100 1 |a Šinský, Michal